| 000 | 00578nam a2200205Ia 4500 | ||
|---|---|---|---|
| 003 | GCL | ||
| 008 | 140319s9999 xx 000 0 eng d | ||
| 040 |
_aGCL / _cGCL |
||
| 082 | 0 | 4 |
_a362.176 _bM M |
| 100 | 1 | _aMILADI, SAMIR SALEM | |
| 245 | 1 | 0 |
_aMICROMUTRIENT DEFICIENCIES IN THE ARAB MIDDLE EAST COUNTRIES / _cMILADI, SAMIR SALEM |
| 700 | 1 | _aMUSAIGER, ABDULRAHMAN | |
| 260 |
_a[S.N] : _bFAO REGIONAL OFFICE FOR THE NEAR EAST ، _c1996 |
||
| 300 | _a99 P | ||
| 650 | 0 | 4 | _aNUTRITION |
| 650 | 0 | 4 | _aFOOD |
| 650 | 0 | 4 | _aHEALTH |
| 650 | 0 | 4 | _aARABIC COUNTRIES |
| 942 |
_2ddc _cBK |
||
| 999 |
_c12522 _d12522 |
||